中国动车组列车主要型号系列 Main model series of China's EMU trains - Statistics

General Stats
  • This quiz has been taken 258 times
  • The average score is 22 of 26
Answer Stats
类型 型号系列 参考数量 运营速度 % Correct
CRH CRH2A 491 250
97%
CRH CRH1A(-A) 215 210/250
96%
CRH CRH1B 25 250
94%
CRH CRH380A 319 310
93%
CRH CRH380B 353 380
93%
CRH CRH3A(-A) 71 250
93%
CRH CRH2B 27 250
92%
CRH CRH2C 59 310
92%
CRH CRH5A 140 250
90%
CRH CRH3C 80 310
87%
CR CR400AF(-A/Z...) 317 350/385
86%
CR CR400BF 370 350
86%
CRH CRH2E 24 250
86%
CR CR200J(1/2/3/S)(-A/B/C/G) 259 160
85%
CRH CRH1E 20 250
85%
CRH CRH6A(-A) 145 200
83%
CRH CRH380D 85 380
80%
CR CR300AF 68 250
77%
CR CR300BF 69 250
77%
CRH CRH2G 29 250
76%
CRH CRH380AL 113 380
75%
CRH CRH5G 84 250
74%
CRH CRH380BL 151 380
72%
CRH CRH380CL 25 380
65%
CRH CRH380BG 157 380
64%
CRH CRH6F(-A) 61 160
63%
No matching quizzes found
Score Distribution
Percent of People with Each Score
Percentile by Number Answered
Your Score History
You have not taken this quiz